| 000 | 00608nam a22001697a 4500 | ||
|---|---|---|---|
| 003 | BD-DhUL | ||
| 005 | 20190827153528.0 | ||
| 008 | 190827s1843 ii ||||| |||| 00| 0 urd d | ||
| 040 |
_aBD-DhUL _cBD-DhUL |
||
| 082 |
_a954 _bMAT |
||
| 100 | 1 | _aمارشمن، جان کلارک | |
| 245 | 1 | 0 |
_aتواریخ ھند : زمانہ قدیمسے مفلونکے اغاز سلطنت تک = Marshman's History of India / _cجان کلارک مارشمن _b |
| 260 |
_aکلکتہ : _bبپتست مشن پریس، _c۔۱۸۴۳ |
||
| 300 |
_aص۔ ۲۹۰ ؛ _c۲۱ سم۔ |
||
| 650 | 4 | _aIndia - History | |
| 942 |
_2ddc _cBK |
||
| 999 |
_c249451 _d249451 |
||